Problems & solutions ofoperating system / (Record no. 133555)
[ view plain ]
| 000 -LEADER | |
|---|---|
| fixed length control field | 00808nam a22002537a 4500 |
| 003 - CONTROL NUMBER IDENTIFIER | |
| control field | dpl |
| 005 - DATE AND TIME OF LATEST TRANSACTION | |
| control field | 20181103173846.0 |
| 008 - FIXED-LENGTH DATA ELEMENTS--GENERAL INFORMATION | |
| fixed length control field | 181025b ||||| |||| 00| 0 eng d |
| 010 ## - LIBRARY OF CONGRESS CONTROL NUMBER | |
| LC control number | B-094285,B-094318 |
| 020 ## - INTERNATIONAL STANDARD BOOK NUMBER | |
| Terms of availability | 150.00 |
| International Standard Book Number | 8176567760 |
| 035 ## - SYSTEM CONTROL NUMBER | |
| System control number | B-094285, B-094318 |
| 037 ## - SOURCE OF ACQUISITION | |
| Source of stock number/acquisition | Cen Lib/Ret |
| 040 ## - CATALOGING SOURCE | |
| Original cataloging agency | DPL |
| Language of cataloging | EN |
| Transcribing agency | 0 |
| 082 ## - DEWEY DECIMAL CLASSIFICATION NUMBER | |
| Classification number | 005.43 |
| Item number | SAX |
| 100 ## - MAIN ENTRY--PERSONAL NAME | |
| Personal name | Saxena, Vipin |
| 9 (RLIN) | 38267 |
| 245 ## - TITLE STATEMENT | |
| Title | Problems & solutions ofoperating system / |
| Statement of responsibility, etc | by Vipin Saxena |
| 260 ## - PUBLICATION, DISTRIBUTION, ETC. (IMPRINT) | |
| Place of publication, distribution, etc | New Delhi |
| Name of publisher, distributor, etc | BPB Publications |
| Date of publication, distribution, etc | 2003 |
| 270 ## - ADDRESS | |
| Address | B-14, Connaught Place |
| City | New Delhi |
| Postal code | 110001 |
| 300 ## - PHYSICAL DESCRIPTION | |
| Extent | 268p. : |
| Dimensions | 23cm(Hb) |
| Other physical details | ill. |
| 500 ## - GENERAL NOTE | |
| General note | Includes bibliographical reference |
| 650 ## - SUBJECT ADDED ENTRY--TOPICAL TERM | |
| Topical term or geographic name as entry element | Operating systems |
| 9 (RLIN) | 38268 |
| 650 ## - SUBJECT ADDED ENTRY--TOPICAL TERM | |
| Topical term or geographic name as entry element | Operating systems (Computers) |
| 9 (RLIN) | 14601 |
| 942 ## - ADDED ENTRY ELEMENTS (KOHA) | |
| Source of classification or shelving scheme | Dewey Decimal Classification |
| Koha item type | English Books |
| Classification part | 005.43 |
| Call number suffix | SAX |
| Withdrawn status | Lost status | Damaged status | Not for loan | Home library | Current library | Date acquired | Source of acquisition | Cost, normal purchase price | Total Checkouts | Full call number | Barcode | Date last seen | Copy number | Cost, replacement price | Price effective from | Koha item type | Source of classification or shelving scheme | Collection code | Total Renewals | Date checked out |
|---|---|---|---|---|---|---|---|---|---|---|---|---|---|---|---|---|---|---|---|---|
| Central Library | Central Library | 27/07/2015 | Cen Lib/Ret | 150.00 | 005.43 SAX | B-094285 | 27/07/2015 | 1 | 150.00 | 27/07/2015 | English Books | |||||||||
| Yojana Vihar | Yojana Vihar | 25/10/2018 | BPPD/PUB | 150.00 | 7 | 005.43 SAX | B-094318 | 26/07/2025 | 150.00 | 25/10/2018 | English Books | Dewey Decimal Classification | Non-fiction | 14 | 14/06/2025 |
